El libro de Antón Pirulero / (Registro nro. 32321)

Detalles MARC
000 -CABECERA
Longitud fija campo de control 01348nam a2200361 a 4500
003 - • IDENTIFICADOR DELl NÚMERO DE CONTROL
Identificador del número de control CO-ViMGA
008 - • CÓDIGOS DE INFORMACIÓN DE LONGITUD FIJA
Códigos de información de longitud fija 141112s2004 ck r 000 u spa d
020 ## - • NÚMERO INTERNACIONAL NORMALIZADO PARA LIBROS
Número Internacional Normalizado para Libros (ISBN) 9789583004742
040 ## - FUENTE DE LA CATALOGACIÓN
Centro catalogador de origen CO-ViMGA
Lengua de catalogación spa
Centro transcriptor CO-ViMGA
041 ## - • CÓDIGO DE LENGUA
Código de lengua del texto/banda sonora o título independiente SPA
245 10 - • TITULO PROPIAMENTE DICHO
Título El libro de Antón Pirulero /
Mención de responsabilidad, etc. selección y prólogo Sergio Andricaín y Antonio Orlando Rodríguez; ilustrado por Ivar Da Coll
250 ## - • MENCIÓN DE EDICIÓN
Mención de edición 1a ed., 9a reimpr.
300 ## - • DESCRIPCIÓN FÍSICA
Extensión 70 p. : il. col. : il.
490 ## - • MENCIÓN DE SERIE
Mención de serie Que pase el tren
500 ## - • NOTA GENERAL
Nota general Subtítulo en la carátula : Coplas, nanas, adivinanzas, retahílas
650 14 - • PUNTO DE ACCESO ADICIONAL DE MATERIA - TÉRMINO DE MATERIA
Término de materia o nombre geográfico como elemento inicial ADIVINANZAS
650 14 - • PUNTO DE ACCESO ADICIONAL DE MATERIA - TÉRMINO DE MATERIA
Término de materia o nombre geográfico como elemento inicial CANCIONES DE CUNA
650 14 - • PUNTO DE ACCESO ADICIONAL DE MATERIA - TÉRMINO DE MATERIA
Término de materia o nombre geográfico como elemento inicial CANCIONES INFANTILES
650 14 - • PUNTO DE ACCESO ADICIONAL DE MATERIA - TÉRMINO DE MATERIA
Término de materia o nombre geográfico como elemento inicial DESDE LOS 6 AÑOS
650 14 - • PUNTO DE ACCESO ADICIONAL DE MATERIA - TÉRMINO DE MATERIA
Término de materia o nombre geográfico como elemento inicial ILUSTRADORES COLOMBIANOS
650 14 - • PUNTO DE ACCESO ADICIONAL DE MATERIA - TÉRMINO DE MATERIA
Término de materia o nombre geográfico como elemento inicial JUEGOS INFANTILES
650 14 - • PUNTO DE ACCESO ADICIONAL DE MATERIA - TÉRMINO DE MATERIA
Término de materia o nombre geográfico como elemento inicial LEER ES MI CUENTO - COLECCION 2011
650 14 - • PUNTO DE ACCESO ADICIONAL DE MATERIA - TÉRMINO DE MATERIA
Término de materia o nombre geográfico como elemento inicial POESÍA INFANTIL
700 1# - • PUNTO DE ACCESO ADICIONAL - NOMBRE DE PERSONA
Nombre de persona Andricaín Hernández, Sergio
700 1# - • PUNTO DE ACCESO ADICIONAL - NOMBRE DE PERSONA
Nombre de persona Andricaín Hernández, Sergio Rodríguez, Antonio Orlando, 1956 -
700 1# - • PUNTO DE ACCESO ADICIONAL - NOMBRE DE PERSONA
Nombre de persona Da Coll, Ivar, 1962 -
700 1# - • PUNTO DE ACCESO ADICIONAL - NOMBRE DE PERSONA
Nombre de persona Rodríguez, Antonio Orlando
700 1# - • PUNTO DE ACCESO ADICIONAL - NOMBRE DE PERSONA
Nombre de persona Rodríguez, Antonio Orlando, 1956 - Andricaín Hernández, Sergio
942 ## - ENTRADA DE ELEMENTOS AGREGADOS (KOHA)
Fuente de clasificaión o esquema Dewey Decimal Classification
Koha [por defecto] tipo de item LIbro
Existencias
Perdido Fuente de clasificación o esquema Estado Físico No para préstamo Forma de adquisición Localización permanente Localización actual Fecha adquisición Serie de enumeración / cronolog&íacute;a Préstamos totales Signatura completa Código de barras Fecha última consulta Número de copia Fecha del precio de reemplazo Tipo de item de Koha Localización en estanterías Note pública
  Dewey Decimal Classification     Infantil Biblioteca Pública Dorado Biblioteca Pública Dorado 10/26/2023     P LIB1 DOR03120 10/26/2023 Ej.1 10/26/2023 LIbro Sala Infantil  
  Dewey Decimal Classification     Infantil Biblioteca Pública Fuentedeoro - Henry Llanos García Biblioteca Pública Fuentedeoro - Henry Llanos García 07/22/2025     P LIB1 Fo2367 07/22/2025 Ej.1 07/22/2025 Libro Infantil Sala Infantil  
        Colección Sala Infantil de Literatura Pocatil y Tilín Biblioteca Pública Departamental Eduardo Carranza - Villavicencio Biblioteca Pública Departamental Eduardo Carranza - Villavicencio 06/07/2012     P LIB1 ECA21146 11/26/2024 Ej.1 11/26/2024 LIbro Sala Infantil 15542 | 20268
        Colección Sala Infantil de Literatura Pocatil y Tilín Biblioteca Pública Departamental Eduardo Carranza - Villavicencio Biblioteca Pública Departamental Eduardo Carranza - Villavicencio 08/20/2004     P LIB1 ECA16386 11/26/2024 Ej.1 11/26/2024 LIbro Sala Infantil 537 | 681
  Dewey Decimal Classification     Sala Infantil Segundo Piso Biblioteca Pública Germán Arciniegas - Villavicencio Biblioteca Pública Germán Arciniegas - Villavicencio 12/04/2015 27/jun/2012   P LIB1 25097 12/04/2015 Ej. 1 12/04/2015 LIbro    
  Dewey Decimal Classification     Infantil Biblioteca Pública Mesetas - Franco lodo Poloxi Biblioteca Pública Mesetas - Franco lodo Poloxi 05/19/2025     P LI 1 9789583004742 05/19/2025 Ej.1 05/19/2025 LIbro    
  Dewey Decimal Classification     Infantil Biblioteca Pública San Juanito - Ernesto Maria Peña Romero Biblioteca Pública San Juanito - Ernesto Maria Peña Romero 07/10/2024     P LIB1 SJU00887 07/10/2024 Ej.1 07/10/2024 LIbro Sala Infantil  
  Dewey Decimal Classification     Infantil Biblioteca Pública San Juanito - Ernesto Maria Peña Romero Biblioteca Pública San Juanito - Ernesto Maria Peña Romero 07/11/2024     P LIB1 SJU00907 07/11/2024 Ej.1 07/11/2024 LIbro Sala Infantil  









Instituto Departamental de Cultura del Meta - Red Departamental de Bibliotecas Públicas del Meta.